| 000 | 00905cam a2200253 a 4500 | ||
|---|---|---|---|
| 001 | 32643 | ||
| 003 | BD-RjUL | ||
| 005 | 20211209051853.0 | ||
| 008 | 140427s1973 bg bj b 000 0 eng | ||
| 035 | _a(BD-RjUL)32733 | ||
| 035 | _a(CStRLIN)MNUG0473523-B | ||
| 040 |
_aDLC _cDLC _dBD-RjUL _beng |
||
| 041 | _aeng | ||
| 082 | 0 | 0 |
_a297.61 _bIMP V-2 Pt-1 1973 |
| 100 | 1 |
_aImamuddin, S. M. _93473 |
|
| 245 | 1 | 2 |
_aA political history of the Muslims / _cby S.M. Imamuddin. _nVol. II : _nPart I : _pUmayyads and Abbasids, 661-1258 _pMuʿawiyah - al-Muʿtasim bi'llah |
| 260 |
_aDacca : _bNajmahsons, _cc1973. |
||
| 300 |
_axxvi, 164 p. : _bill. ; _c23 cm. |
||
| 505 | 0 | _a[v. 1.] Prophet and pious caliphs.--v. 2. Umayyads and Abbasids, 661-1258.--pt. 1. Muʿawiyah - al-Muʿtasim bi'llah | |
| 651 | 0 |
_aIslamic Empire _xHistory. _999303 |
|
| 942 |
_2ddc _cBK |
||
| 999 |
_c32643 _d32643 |
||